Superhero Movies by Actor - Statistics

General Stats
  • This quiz has been taken 82 times
  • The average score is 11 of 15
Answer Stats
Actor Movies % Correct
Brie Larson Captain Marvel | Avengers: Endgame | Shang-Chi and the Legend of the Ten Rings | The Marvels
94%
Chris Hemsworth Men in Black: International | Thor | The Avengers | Thor: The Dark World | Avengers: Age of Ultron | Thor: Ragnarok | Doctor Strange | Avengers: Infinity War | Avengers: Endgame | Thor: Love and Thunder
90%
Scarlett Johansson The Spirit | Ghost in the Shell | Iron Man 2 | The Avengers | Captain America: The Winter Soldier | Avengers: Age of Ultron | Captain America: Civil War | Avengers: Infinity War | Captain Marvel | Avengers: Endgame | Black Widow
90%
Samuel L. Jackson Kingsman: The Secret Service | Argylle | The Incredibles | Incredibles 2 | The Spirit | Iron Man | Iron Man 2 | Thor | Captain America: The First Avenger | The Avengers | Captain America: The Winter Soldier | Avengers: Age of Ultron | Avengers: Infinity War | Captain Marvel | Avengers: Endgame | Spider-Man: Far From Home | The Marvels
87%
Chris Evans TMNT | Fantastic Four | Fantastic Four: Rise of the Silver Surfer | Scott Pilgrim vs. the World | Captain America: The First Avenger | The Avengers | Thor: The Dark World | Captain America: The Winter Soldier | Avengers: Age of Ultron | Ant-Man | Captain America: Civil War | Spider-Man: Homecoming | Avengers: Infinity War | Captain Marvel | Avengers: Endgame
87%
Ryan Reynolds Blade: Trinity | Green Lantern | X-Men Origins: Wolverine | Deadpool | Deadpool 2
86%
Vin Diesel Guardians of the Galaxy | Guardians of the Galaxy Vol. 2 | Avengers: Infinity War | Avengers: Endgame | Thor: Love and Thunder | Guardians of the Galaxy Vol. 3| Bloodshot | Riddick | The Chronicles of Riddick| Pitch Black
83%
Michael Keaton Batman | Batman Returns | The Flash | Spider-Man: Homecoming | Morbius | Batgirl | Aquaman and the Lost Kingdom
74%
Will Smith Hancock | Suicide Squad | Bright | Men in Black | Men in Black II | Men in Black 3 | Wild Wild West
74%
Dwayne Johnson Black Adam | DC League of Super-Pets | Hercules | Shazam! | Shazam! Fury of the Gods
70%
Bradley Cooper Joker | Joker: Folie a Deux | Guardians of the Galaxy | Guardians of the Galaxy Vol. 2 | Guardians of the Galaxy Vol. 3 | Thor: Love and Thunder | Avengers: Infinity War | Avengers: Endgame
69%
David Harbour Hellboy | Suicide Squad | Black Widow
59%
Andy Serkis Avengers: Age of Ultron | Black Panther | Venom: Let There Be Carnage | The Batman
54%
Randall Park Ant-Man and the Wasp | Ant-Man and the Wasp: Quantumania | Aquaman | Aquaman and the Lost Kingdom
39%
Bruce Willis Red | Red 2 | Unbreakable | Split | Glass
31%
No matching quizzes found
Score Distribution
Percent of People with Each Score
Percentile by Number Answered
Your Score History
You have not taken this quiz